|
|
|
|
| LEADER |
00000cam a2200000 7i4500 |
| 001 |
0000000403 |
| 005 |
20031110.0 |
| 090 |
0 |
0 |
|a 634.98
|b JON 1990
|
| 100 |
1 |
0 |
|a JONSSON
|h Tomas
|
| 245 |
1 |
0 |
|a Logging technology for tropical forests - for of against?
|c Tomas Jonsson, Peter Lindgren
|
| 260 |
0 |
0 |
|a Kista, Sweden :
|b The Forest Operation Institute ,
|c 1990
|
| 300 |
|
|
|a 81 p. :
|b ill. ;
|c 30 cm.
|
| 650 |
0 |
0 |
|a Forest management
|x Tropics
|
| 650 |
0 |
0 |
|a Forests and forestry
|z Tropics
|
| 650 |
0 |
0 |
|a Logging
|x Environmental aspects
|x Tropics
|
| 650 |
0 |
0 |
|a Sustainable forestry
|x Tropics
|
| 650 |
0 |
0 |
|a Tropical forests
|x Environmental aspects
|
| 700 |
0 |
1 |
|a Lindgren
|h Peter
|
| 998 |
|
|
|a JPSM
|
| 999 |
|
|
|a 0000001529
|b Monograph
|c Open Shelf
|e Default branch
|